Statistics for Albanian Presidents

Click here to take the quiz!

General Stats

  • This quiz has been taken 130 times
  • The average score is 3 of 6

Answer Stats

YearsPresidents% Correct
2017-Ilir Meta
84%
1992-1997Sali Berisha
83%
2012-2017Bujar Nishani
62%
2007-2012Bamir Topi
53%
2002-2007Alfred Moisiu
34%
1997-2002Rexhep Mejdani
30%

Score Distribution

Percentile by Number Answered

Percent of People with Each Score

Your Score History

You have not taken this quiz